000 00324nam a22001457a 4500
008 210511b ||||| |||| 00| 0 eng d
020 _a0883656655
041 _aeng
080 _a94
082 _a94
100 _a16
101 _aSHH
245 _a200 Years of Great American Short Stories
_cFoley,M
942 _2udc
_cBK
999 _c57237
_d57237